00236nam a2200085Ia 4500001000800000005001700008008004100025245005200066260003200118120522220250827022743.0250824s9999 xx 000 0 und d 0aALTIN IŞIKTAN HALK MASALLARIcZİYA GÖKALP bK.B.B. KÜLTÜR YAYINLARI